College Quizbowl Stats
College Quizbowl Stats
Circuits
Seasons
Sets
Records
Detailed Stats
About
Loading...
2023 Penn Bowl (Mainsite)
Tossups
Bonuses
Players
Teams
Categories (Tossup)
Categories (Bonus)
Rico-ian Banting
NYU A
Categories
Category
Powers
Gets
Negs
BBs
Points
Earliest Buzz
Avg. Buzz
First Buzzes
Top 3 Buzzes
History - American History
0
1
0
0
10
93
93.00
0
0
Science - Chemistry
0
1
0
0
10
132
132.00
0
0
Philosophy
0
0
0
0
0
0.00
0
0
Fine Arts - Other Fine Arts
0
0
1
0
-5
0.00
0
0
Buzzes
Category
Answer
Value
Buzz Position
History - American History
Deaf community
10
93
Fine Arts - Other Fine Arts
Presidents of the United States of America
-5
118
Philosophy
consciousness
0
119
Science - Chemistry
cyanide
10
132
Previous
1
Next